LEADER 00937cam0 2200265 450 001 E600200019371 005 20210427094307.0 100 $a20060623d1983 |||||ita|0103 ba 101 $aita 102 $aIT 200 1 $a<>educazione nazionale da Giolitti al primo dopoguerra$fGiorgio Chiosso 210 $aBrescia$cLa Scuola$d1983 215 $a270 p.$d21 cm 225 2 $aPedagogia$eTesti e studi storici 410 1$1001LAEC00022436$12001 $a*Pedagogia : Testi e studi storici 700 1$aCHIOSSO$b, Giorgio$3AF00018976$4070$0116023 801 0$aIT$bUNISOB$c20210427$gRICA 850 $aUNISOB 852 $aUNISOB$j370$m40162 912 $aE600200019371 940 $aM 102 Monografia moderna SBN 941 $aM 957 $a370$b000793$gSi$d40162$racquisto$1pregresso1$2UNISOB$3UNISOB$420060623074433.0$520190514102726.0$6Spinosa 996 $aEducazione nazionale da Giolitti al primo dopoguerra$9275668 997 $aUNISOB LEADER 02416nam 2200409Ia 450 001 996395623603316 005 20221108103412.0 035 $a(CKB)4330000000320837 035 $a(EEBO)2240865674 035 $a(OCoLC)53298968 035 $a(EXLCZ)994330000000320837 100 $a20031028d1660 uy 0 101 0 $aeng 135 $aurbn||||a|bb| 200 02$aA book of dravving, limning, vvashing or colouring of maps and prints, and the art of painting, with the names and mixtures of colours used by the picture-drawers. Or, The young-mans time well spent$b[electronic resource] $eIn which he hath the ground-work to make him fit for doing anything by hand, when he is able to draw well. By the use of this work, you may draw all parts of a man, leggs, armes, hands, and feet ... and directions for birds, beasts, landskips, ships ... moreovers, grounds to lay silver or gold upon, and how silver or gold shall be laid or limned ... withall upon vellum, parchment, or paper ... how also to diaper and shadow things, and to heightem them, to stand off: to deepend them, and make them glister .. 210 $aLondon $cPrinted by M. Simmons, for Thomas Jenner, and are to be sold at his shop ...$d1660 215 $a[5], 20 p.; [19] leaves of plates $cill 300 $aP. [5] has a portrait of Du?rer engraved by Francis Delarame, and the title: A booke of the art of drawing according to ye order of Albert Durer, Jean Cozijn, etc. 300 $aInterleaved with 19 unnumbered illustrated leaves. 300 $aImperfect: torn, with some loss of text. 300 $aReproduction of original in: British Library. 330 $aeebo-0018 606 $aDrawing$xStudy and teaching$vEarly works to 1800 606 $aPainting$xStudy and teaching$vEarly works to 1800 606 $aPainting$xTechnique$vEarly works to 1800 606 $aGilding$vEarly works to 1800 615 0$aDrawing$xStudy and teaching 615 0$aPainting$xStudy and teaching 615 0$aPainting$xTechnique 615 0$aGilding 701 $aDu?rer$b Albrecht$f1471-1528.$0399465 801 0$bEAE 801 1$bEAE 906 $aBOOK 912 $a996395623603316 996 $aA book of dravving, limning, vvashing or colouring of maps and prints, and the art of painting, with the names and mixtures of colours used by the picture-drawers. Or, The young-mans time well spent$92425014 997 $aUNISA